000 00607nam a22001937a 4500
005 20250409151359.0
010 _aENG-103846 ENG-144596
020 _c150.00
035 _aEN-87379
035 _aEN-128128
037 _bDBAD/PUB
082 _a658.4
100 _aRamasubramanyan, N.
_980538
245 _aCorporate World:
_bAn Overview/
_cN. Ramasubramanyan
260 _aChennai
_bNatesan Charities
_c2009
270 _a12, Brindavan Avenue, Tambaram West,
_bChennai
_e45
_k91-44-22266614
_l91-44-22266614
300 _a174p. :
_c22cm (pbk)
_bb & w photos
942 _2ddc
_cEN
_mRAM
_h658.4
999 _c57016
_d57016